| 000 | 00386nam a2200169Ia 4500 | ||
|---|---|---|---|
| 003 | 0STCL | ||
| 008 | 150530s9999 xx 000 0 und d | ||
| 040 |
_aSTCL _cSTCL |
||
| 100 | _aVenugopal, A. | ||
| 245 | _aPankaliye Thedumpol | ||
| 260 |
_bimage books; Kochi _c1998 _aKochi |
||
| 300 | _a0 | ||
| 546 | _aMalayalam | ||
| 942 |
_2ddc _cBK |
||
| 999 |
_c17798 _d17798 |
||
| 005 | 20220125165815.0 | ||